000 00541nam a2200181Ia 4500
001 8766
005 20260306160634.0
008 260306t2013||||xx |||||||||||||| ||spa||
041 _aESP
082 _a371.33
_bF85A
100 _aFrostig, Marianne
_eAUT
245 0 _aFiguras y formas. Nivel avanzado:
_bprograma para el desarrollo de la percepción visual y el aprestamiento preescolar: corporal, objetal y gráfico
260 _c2013
300 _a187 páginas :
_c28 cm.
650 _aGEN
654 _aCED
942 _cLIB
_dJUS
_fJUS
_2ddc
_n
999 _c8766
_d8766